Responses for Show #8151 - Monday, February 3, 2020

Contestants

[<< previous game]

Travis Gaylord, a management consultant from Wynnewood, Pennsylvania

Stephen Jackson, an emergency medicine physician from Atlanta, Georgia

Michelle Paul, a managing director from Newark, Delaware (whose 2-day cash winnings total $30,122)

[next game >>]

Jeopardy! Round responses

WRITER'S TOOLBOX
STATE OF THE ESTATE
NUMBER YOUR RESPONSE
(Alex: Each response begins with a number.)
"P"OTPOURRI
HEAVEN & PARADISE
AFRICAN-AMERICAN ATHLETES
(Jimmy: ...from the National Museum of African American History & Culture: the changes they made in sports and in society.)
    $200 25
purgatory

Michelle
    $200 26
[The end-of-round signal sounds.]

Jesse Owens

Travis
    $400 4
the mood

Michelle
    $400 15
Massachusetts

Triple Stumper
    $400 5
a three-piece suit

Michelle
    $400 8
a parade

Stephen
    $400 18
karma

Michelle
    $400 24
Wimbledon

Stephen
    $600 1
a theme

Michelle
    $1,800 16
(Michelle: [Closes eyes and sighs] What is Michigan?)

Wisconsin

Michelle
    $600 6
a four-leaf clover

Stephen
    $600 7
pagoda

Triple Stumper
    $600 17
the Pearly Gates

Stephen
    $600 14
1968

Michelle
    $800 2
onomatopoeia

Michelle
    $800 22
(Alex: Less than a minute now.)

New Jersey

Travis
    $800 11
(Stephen: What is a Colt .45?)
...
(Alex: Yeah. The response had to begin with a number.)

.45

StephenTravis
    $800 9
a procrastinator

Stephen
    $800 19
Fiddler's Green

Triple Stumper
    $800 12
Cassius Clay

Travis
    $1000 3
an ellipses

Stephen
    $1000 23
(Travis: What is Virginia?)
(Stephen: What is Ohio?)
...
(Alex: Travis [Talked about rooting for UVA with Alex], you're gonna have trouble living that one down.)
(Travis: I'm not going back home now.)

Pennsylvania

StephenTravis
Triple Stumper
    $1000 21
an eighth note

Triple Stumper
    $1000 10
patronizing

Michelle
    $1000 20
Jerusalem

Triple Stumper
    $1000 13
(Michelle: Who is Hank Aaron?)
...
(Alex: Yes. Say hey.)

Willie Mays

MichelleTravis

Scores at the first commercial break (after clue 14):

Michelle Stephen Travis
$2,800 $2,000 $2,600

Scores at the end of the Jeopardy! Round:

Michelle Stephen Travis
$1,600 $2,000 $2,600

Double Jeopardy! Round responses

THE THIRTY YEARS' WAR
TV NEWS SHOWS
SCIENCE
UNFILMED NOVELS
COMPOUND WORDS
YOU CAN'T TAKE IT WITH YOU
(Alex: The whole category is devoted to items that, according to the TSA, you cannot take with you on the plane or even check it in your baggage.)
    $400 28
[The end-of-round signal sounds.]

Russia

Stephen
    $400 25
invertebrates

Michelle
    $400 27
Holden Caulfield

Michelle
    $400 1
a jigsaw

Travis
    $400 22
dynamite

Stephen
    $800 24
(Alex: Less than a minute now, Stephen.)

Jake Tapper

Triple Stumper
    $800 2
basic

Stephen
    $800 26
Clay

Stephen
    $800 8
a playground

Stephen
    $800 19
[Alex and audience laughter]

a grenade

Travis
    $1200 21
Cardinal Richelieu

Triple Stumper
    $1200 16
Dateline

Stephen
    $1200 15
geology

Stephen
    $1200 12
(Umberto) Eco

Michelle
    $1200 9
a nosebleed

Michelle
    $1200 7
chlorine

Michelle
    $1600 20
Sweden

Stephen
    $1600 17
Face the Nation

Travis
    $2,000 3
a free radical

Stephen
    $1600 13
Cormac McCarthy

Stephen
    $1600 10
(Michelle: What's a battleship?)

a flagship

Michelle
Triple Stumper
    $1600 5
(Alex: Always twice the alcohol content. Shame I know that.)
[Laughter]

140

Travis
    $2,000 23
(Stephen: What is Iceland?)

the Netherlands

Stephen
    $2000 18
(Jeanine) Pirro

Travis
    $2000 4
metamorphosis

Travis
    $2000 14
A Confederacy of Dunces

Stephen
    $2000 11
heartwood

Triple Stumper
    $2000 6
Samsung

Stephen

Scores at the end of the Double Jeopardy! Round:

Michelle Stephen Travis
$4,400 $14,800 $11,000

[wagering suggestions for these scores]

Final Jeopardy! Round responses

ASIAN GEOGRAPHY
MichelleWhat is Coral Reef Reserve?
$3,300
TravisWhat the DMZ?
$3,801
StephenWhat is the Great Barrier Reef?
$7,201
DMZ (the demilitarized zone between North & South Korea)

Final scores:

Michelle Stephen Travis
$1,100 $7,599 $14,801
3rd place: $1,000 2nd place: $2,000 New champion: $14,801

Game dynamics:

Coryat scores:

Michelle Stephen Travis
$6,200 $16,400 $11,000
13 R,
3 W
(including 1 DD)
18 R
(including 1 DD),
3 W
(including 1 DD)
11 R,
1 W

Combined Coryat: $33,600

[game clues] [game scores] [suggest correction]

Game tape date: 2019-11-20
The J! Archive is created by fans, for fans. Scraping, republication, monetization, and malicious use prohibited; this site may use cookies and collect identifying information. See terms. The Jeopardy! game show and all elements thereof, including but not limited to copyright and trademark thereto, are the property of Jeopardy Productions, Inc. and are protected under law. This website is not affiliated with, sponsored by, or operated by Jeopardy Productions, Inc. Join the discussion at JBoard.tv.